The practical husbandman (Record no. 113492)

MARC details
000 -LEADER
fixed length control field 01129cam a22001935a 4500
001 - CONTROL NUMBER
control field L155344
008 - FIXED-LENGTH DATA ELEMENTS--GENERAL INFORMATION
fixed length control field 120319s1757 xxk f 000 0 eng d
035 ## - SYSTEM CONTROL NUMBER
System control number (Sirsi) u155344
041 0# - LANGUAGE CODE
Language code of text/sound track or separate title eng
100 1# - MAIN ENTRY--PERSONAL NAME
Personal name Maxwell, Robert
Dates associated with a name 1695-1765
245 04 - TITLE STATEMENT
Title The practical husbandman
Remainder of title Being a collection of miscellaneous papers on husbandry, &c. By Robert Maxwell, Esq; of Arkland
260 ## - PUBLICATION, DISTRIBUTION, ETC.
Place of publication, distribution, etc. Edinburgh
Name of publisher, distributor, etc. Printed by C. Wright and Company, for the author: sold by him; J. Paton, Hamilton and Balfour, Kincaid and Donaldson, W. Sands, W. Miller, G. Crawfurd, W. Gordon, Yair and Fleming J. Brown, C. Wright, L. Hunter, Gray and Peters, Booksellers, Edinburgh: A. Stalker, D. Baxter, J. Gilmour, Booksellers, Glasgow: F. Douglas, Aberdeen: J. More, Dundee; and E. Wilson, Dumsries
Date of publication, distribution, etc. M.DCC.LVII. [1757]
300 ## - PHYSICAL DESCRIPTION
Extent xii, 432, [6] p., plate
Dimensions 8o
520 ## - SUMMARY, ETC.
Summary, etc. "This book is partly made up of papers .. [from transactions of .. the Society of Improvers in the Knowledge of Agriculture in Scotland]".
583 ## - ACTION NOTE
Action Condition reviewed
Time/date of action 20120620
Status condition level 1
651 #4 - SUBJECT ADDED ENTRY--GEOGRAPHIC NAME
Geographic name Great Britain
Chronological subdivision 1707-
690 ## - LOCAL SUBJECT ADDED ENTRY--TOPICAL TERM (OCLC, RLIN)
Topical term or geographic name as entry element Rural
9 (RLIN) 6268
942 ## - ADDED ENTRY ELEMENTS (KOHA)
Suppress in OPAC 0
Holdings
Withdrawn status Lost status Source of classification or shelving scheme Damaged status Not for loan Home library Current library Shelving location Date acquired Total Checkouts Full call number Barcode Date last seen Copy number Price effective from Koha item type
    Dewey Decimal Classification     Historic collection Historic collection Historic collection 19/03/2012   OCTAVO 1757 MAXWELL 30075985 06/08/2019 1 06/08/2019 Book